LEADER 01347nam a2200301 u 4500 001 000000051245 003 CaOOAMICUS 005 20070226115321.0 008 000912s1965 enk u000 u eng u 035 $a10855255 040 $aPUL(R)$bita 100 1 $aPrescott, William Hickling,$d1796-1859.$0(OLS)http://pul/name/36802 245 14$aThe conquest of Mexico /$cW.H. Prescott ; introduction by Thomas Seccombe. 260 $aLondon :$bEveryman's Library,$c1965. 300 $a2 v. ;$c18 cm 490 1 $aEveryman's library ;$v397-398 500 $aInclude indici. 651 4$aMessico$xStoria$yConquista, 1519-1540.$0(OLS)http://pul/subject/21536 700 1 $aSeccombe, Thomas.$0(OLS)http://pul/name/36803 830 0$aEveryman's library ;$v397-398.$0(OLS)http://pul/title/68885 850 $aPUL 852 $aPUL$W1$xDP1 Fondo Ciprotti$y59$m1538 A 9-9 bis$j67894$nBK-PRI$b $qFondi$B67895$CPULBib$Z2$F67895 $H $81 852 $aPUL$W1$xDP1 Fondo Ciprotti$y59$m1538 A 8$j133291$nBK-PRI$av. 1$qFondi$B67894$CPULBib$Z2$F67894 $H13439 $82 941 1 $a1 961 $aINV: Fondo Ciprotti 961 $aINV: Fondo Ciprotti 996 $6245$aThe conquest of Mexico$9(OLS)http://pul/title/68884 996 $6260$aLondon :$bEveryman's Library$9(OLS)http://pul/publisher/67964 LEADER 01670nam a2200373 a 4500 001 000000128876 003 CaOOAMICUS 005 20120516113327.0 008 120516s2000 it u000 u ita r 020 $z8879161431* 040 $aPUL$bita 041 1 $aita$agrc$hgrc 082 04$a186 100 0 $aPlotinus,$d203/6-270.$0(OLS)http://pul/name/5766 240 10$aEnneades.$lItaliano e greco.$0(OLS)http://pul/title/78672 245 13$aLa felicitą e il tempo :$bPlotino, Enneadi 1.4-1.5 /$ctesto, traduzione e commento a cura di Alessandro Linguiti. 260 $aMilano :$bLED-Edizioni Universitarie di Lettere Economia Diritto,$c©2000. 300 $a165 p. ;$c21 cm 490 1 $aBiblioteca classica ;$v02 504 $aBibliografia p. [141]-151. 546 $aTesto greco a fronte. 600 04$aPlotinus,$d203/6-270.$tEnneades.$nI 4-5.$0(OLS)http://pul/subject/38676 650 4$aFilosofia greca$xStudi.$0(OLS)http://pul/subject/30634 700 1 $aLinguiti, Alessandro,$d1957-$0(OLS)http://pul/name/66620 830 0$aBiblioteca classica ;$v02.$0(OLS)http://pul/title/162848 850 $aPUL 852 $aPUL$W1$xSL Filosofia 3$y81$m186 PLOTI 1$j149230$qDDC 21$B147781$CPULBib$Z2$F147781 $H119643 $82 900 $aPlotino,$d203/6-270$95766 941 1 $a9 996 $6020$z8879161431*$9(OLS)http://pul/number/149667 996 $6082$a186$9(OLS)http://pul/classification/2251 996 $6245$aLa felicitą e il tempo :$bPlotino, Enneadi 1.4-1.5$9(OLS)http://pul/title/162847 996 $6260$aMilano :$bLED-Edizioni Universitarie di Lettere Economia Diritto$9(OLS)http://pul/publisher/66943